000 01565cam a22001934a 4500
005 20250605164205.0
008 250528s ||||||||||||||||||||||||d
035 _a19904
020 _a9602097264
040 _aGR-AtMCL
_bgre
_dGR-AtMCL
_eAACR2
245 1 _aΒήμα Βήμα: Microsoft Office Access 2003 / Μάθετε με το Δικό σας Ρυθμό - Αναπτύξτε τις Ικανότητες που Χρειάζεστε - Εξασκηθείτε με Παραδείγματα από την Πράξη
260 _bΚλειδάριθμος,
_c2004
300 _a372
520 _aΟ έξυπνος τρόπος για να μάθετε τη Microsoft Office Access 2003 με ένα βήμα κάθε φορά. Includes CD-ROM. Γνωριμία με τη Microsoft Access 2003, Δημιουργία Νέας Βάσης Δεδομένων, Εισαγωγή και Εξαγωγή Πληροφοριών από Βάσεις Δεδομένων, Απλοποίηση Καταχώρισης Δεδομένων με Φόρμες, Εντοπισμός Συγκεκριμένων Πληροφοριών, Διατήρηση της Ακρίβειας των Πληροφοριών, Εκθέσεις, Εύκολη Χρήση της Βάσης Δεδομένων σας από άλλα Άτομα, Προστασία των Πληροφοριών, Εργασία με Σελίδες και Υπομονάδες, Γλωσσάρι, Ευρετήριο.
700 1 _aΜικέδης Μιχάλης
_96059
942 _cBK
999 _c5146
_d5146